000 00484nam a2200181Ia 4500
008 120823t2006 xxu||||| |||| 00| 0 sin d
041 _asin
080 _a8-31 (Indian)
_bCHA
100 _aChattopadhyaya,Sharachchandra
245 _aධර්මපත්නී
246 _aDharmapathnee
260 _aTimeless Books
_aPannipitiya
_c2006
300 _b120p, 20 cm
700 _aAmarasiri,Ananda
_etr.
942 _cBK
999 _c41323
_d41323
003 LK-CoDNM
040 _aLK-CoDNM
_dLK-CoDNM
_eLK-CoDNM